Sri thripurarahasyam/ (Record no. 163317)

000 -LEADER
fixed length control field 00396nam a22001571a 4500
082 ## - DEWEY DECIMAL CLASSIFICATION NUMBER
Classification number M1
Item number SAM/S
100 ## - MAIN ENTRY--PERSONAL NAME
Personal name Samumenon Varavoor
245 ## - TITLE STATEMENT
Title Sri thripurarahasyam/
Statement of responsibility, etc. by Samumenon Varavoor.
260 ## - PUBLICATION, DISTRIBUTION, ETC.
Place of publication, distribution, etc. Quilon:
Name of publisher, distributor, etc. Sri Vidyadhi Raja,
Date of publication, distribution, etc. 1989.
300 ## - PHYSICAL DESCRIPTION
Extent 365p.
650 ## - SUBJECT ADDED ENTRY--TOPICAL TERM
Topical term or geographic name entry element Kilippattu
650 ## - SUBJECT ADDED ENTRY--TOPICAL TERM
Topical term or geographic name entry element Literature
650 ## - SUBJECT ADDED ENTRY--TOPICAL TERM
Topical term or geographic name entry element Literature Malayalam
650 ## - SUBJECT ADDED ENTRY--TOPICAL TERM
Topical term or geographic name entry element Poetry Malayalam
942 ## - ADDED ENTRY ELEMENTS (KOHA)
Koha item type Book
Holdings
Withdrawn status Lost status Damaged status Not for loan Permanent Location Current Location Shelving location Date acquired Cost, normal purchase price Total Checkouts Full call number Barcode Date last seen Price effective from Koha item type
        RC Thiruvananthapuram RC Thiruvananthapuram   17.10.2018 50.00   M1 SAM/S TV002216 17.10.2018 17.10.2018 Book